| 000 | 00000nam 2200000za 4500 |
| 001 | 9.639895 |
| 003 | CaOODSP |
| 005 | 20240624082221 |
| 007 | cr ||||||||||| |
| 008 | 150407|2002||||xxc|||||o f|0| 0 fre d |
| 040 | |aCaOODSP|bfre |
| 043 | |an-cn--- |
| 086 | 1 |aCP22-65/2002F-PDF |
| 245 | 03|aLe guide du ministre et du secrétaire d'état |h[ressource électronique]. |
| 260 | |aOttawa : |bBureau du Conseil privé, |cc2002. |
| 300 | |a52 p. |
| 500 | |aLe n° de catalogue (CP22-65/2002) et l'ISBN (0-662-66566-X) de l'édition imprimée bilingue ont été incorrectement copiés dans l'édition électronique. |
| 590 | |a12-14-Supp|b2012-04-10 |
| 691 | 07|aMinistre|2gcpds |
| 691 | 07|aAdministration publique|2gcpds |
| 691 | 07|aGouvernance|2gcpds |
| 691 | 07|aGouvernement fédéral|2gcpds |
| 710 | 1 |aCanada. |bBureau du Conseil privé. |
| 775 | 08|tA guide for ministers and secretaries of state |w(CaOODSP)9.695773 |
| 776 | 0#|tA guide for ministers and secretaries of state |w(CaOODSP)9.663741 |
| 776 | 0#|tLe guide du ministre et du secrétaire d'État |w(CaOODSP)9.663742 |
| 856 | 40|ahttp://publications.gc.ca|qPDF|s246 Ko|uhttps://publications.gc.ca/collections/Collection/CP22-65-2002F.pdf |